00743cam a22002171 4500001001300000003000400013005001700017008004100034010001700075035002000092040001800112042001200130050001400142082001000156100005000166245010700216260007700323300002300400500008800423650001400511med47000321 DLC20260227111558.0960814s1945 stk 000 0 eng  amed47000321  a(OCoLC)35238769 aDLCcICUdDLC apremarc00aR710b.C700a610.41 aCrew, F. A. E.q(Francis Albert Eley),d1888-10aSocial medicine,ban academic discipline and an instrument of social policy,cby Francis A.E. Crew ... a[Edinburgh]bThe University of Edinburgh, Graduates' Association,c1945. a17, [1] p.c26 cm. a"An inaugural lecture delivered in the University of Edinburgh, 20th October 1944." 0aMedicine.